Čs. štátne kúpele Rajecké Teplice Liečebný dom Malá Fatra

Zobrazenie: Pohľad zboku na liečebný dom Malá Fatra s okolitými zalesnenými kopcami

Bibliographic Details
Other Authors: Cincík, Jozef, 1908-1982 (Photographer)
Format: Postcard
Language:Slovak
PhysicalDescription:1 pohľadnica čiernobiela 11 x 15 cm
Published: [Bratislava] VPL 1967
Subjects:

MARC

LEADER 00000nkm a2200000 a 4500
001 vtls011982912
003 SK-MaSNL
005 20260512122538.0
007 kp bo
008 231121s1967 xo |g||||| |00 k|slo
015 |a SNBG1967 
035 |a urn:nbn:sk:snk-km00fcnx 
035 |a urn:nbn:sk:snk-km45uac 
035 |a 5336C33A-C74B-44B3-AC35-B45FAB37AB6C 
040 |a SNK  |b slo  |c SNK  |e AACR2 
041 0 |a slo 
043 |a e-xo--- 
044 |a xo  |c SK 
072 7 |a 913  |x Regionálna geografia  |2 konspekt 
080 |a (084.121)  |2 2011 
080 |a 913(437.6)  |2 2011 
080 |a 725.1:615.838  |2 2011 
080 |a 711.455:615.838  |2 2011 
080 |a 614.2:[725.1:614.21]  |2 2011 
080 |a 908(437.6)  |2 2011 
100 1 |a Cincík, Jozef,  |d 1908-1982  |4 pht  |9 55163 
245 1 0 |a Čs. štátne kúpele Rajecké Teplice  |h grafika  |b Liečebný dom Malá Fatra  |c foto Jozef Cincík 
260 |a [Bratislava]  |b VPL  |c 1967 
300 |a 1 pohľadnica  |b čiernobiela  |c 11 x 15 cm 
520 8 |a Zobrazenie: Pohľad zboku na liečebný dom Malá Fatra s okolitými zalesnenými kopcami 
610 2 7 |a Československé štátne kúpele (Rajecké Teplice, Slovensko)  |2 SNKKA  |9 170406 
610 2 7 |a Liečebný dom Malá Fatra (Rajecké Teplice, Slovensko)  |2 SNKKA  |9 296830 
650 0 7 |a kúpeľné budovy  |2 SNKPH  |9 102104 
650 0 7 |a kúpele  |2 SNKPH  |9 1139 
650 0 7 |a liečebne  |2 SNKPH  |9 56920 
651 7 |a Rajecké Teplice (Slovensko)  |2 SNKPHgeo  |9 25477 
655 7 |a miestne pohľadnice  |2 SNKPH  |9 70510 
655 7 |a geografické pohľadnice  |2 SNKPH  |9 70522 
852 |a Slovenská národná knižnica 
958 |a GBN 
958 |a OND 
958 |a GC 
958 |a EUIPO 
999 |c 608752  |d 610682 
952 |a SNK  |b SNK  |y PREZ  |7 0  |p 17A1278484  |o snkSP 49371  |0 0  |1 0  |4 0  |d 2020-07-21  |f 1  |l 0  |r 2026-02-23 16:16:05  |w 2026-02-23